Alexander of Macedon, 356-323 B.C. : (Record no. 491)

MARC details
000 -LEADER
fixed length control field 01474cam a2200361 a 4500
005 - DATE AND TIME OF LATEST TRANSACTION
control field 20260322212022.0
008 - FIXED-LENGTH DATA ELEMENTS--GENERAL INFORMATION
fixed length control field data
010 ## - LIBRARY OF CONGRESS CONTROL NUMBER
LC control number 91007292
020 ## - INTERNATIONAL STANDARD BOOK NUMBER
International Standard Book Number 0520071654 (cloth : permanent paper)
020 ## - INTERNATIONAL STANDARD BOOK NUMBER
International Standard Book Number 0520071662 (paper : permanent paper)
020 ## - INTERNATIONAL STANDARD BOOK NUMBER
International Standard Book Number 9780520071650 (cloth : permanent paper)
020 ## - INTERNATIONAL STANDARD BOOK NUMBER
International Standard Book Number 9780520071667 (paper : permanent paper)
040 ## - CATALOGING SOURCE
Original cataloging agency DLC
Transcribing agency DLC
Modifying agency DLC
043 ## - GEOGRAPHIC AREA CODE
Geographic area code e-gr---
050 00 - LIBRARY OF CONGRESS CALL NUMBER
Classification number DF234
Item number .G68 1991
082 00 - DEWEY DECIMAL CLASSIFICATION NUMBER
Classification number B
-- B
Edition information 20
092 ## - LOCALLY ASSIGNED DEWEY CALL NUMBER (OCLC)
Classification number 938 G68 1991
001 - CONTROL NUMBER
control field data
100 1# - MAIN ENTRY--PERSONAL NAME
Personal name Green, Peter,
Dates associated with a name 1924-
245 10 - TITLE STATEMENT
Title Alexander of Macedon, 356-323 B.C. :
Remainder of title a historical biography /
Statement of responsibility, etc. Peter Green & Peter Green.
260 ## - PUBLICATION, DISTRIBUTION, ETC.
Place of publication, distribution, etc. Berkeley :
Name of publisher, distributor, etc. University of California Press,
Date of publication, distribution, etc. c1991.
300 ## - PHYSICAL DESCRIPTION
Extent xxxvii, 617 p. :
Other physical details ill., maps ;
Dimensions 22 cm.
500 ## - GENERAL NOTE
General note "Revised and enlarged"--T.p. verso.
500 ## - GENERAL NOTE
General note Originally published: Alexander the Great. London : Weidenfeld & Nicolson, 1970.
504 ## - BIBLIOGRAPHY, ETC. NOTE
Bibliography, etc. note Includes bibliographical references (p. [569]-585) and index.
600 00 - SUBJECT ADDED ENTRY--PERSONAL NAME
Personal name Alexander,
Titles and other words associated with a name the Great,
Dates associated with a name 356-323 B.C.
650 #0 - SUBJECT ADDED ENTRY--TOPICAL TERM
Topical term or geographic name entry element Generals
Geographic subdivision Greece
General subdivision Biography.
651 #0 - SUBJECT ADDED ENTRY--GEOGRAPHIC NAME
Geographic name Greece
General subdivision History
Chronological subdivision Macedonian Expansion, 359-323 B.C.
651 #0 - SUBJECT ADDED ENTRY--GEOGRAPHIC NAME
Geographic name Greece
General subdivision Biography.
-- Biography.
700 1# - ADDED ENTRY--PERSONAL NAME
Personal name Green, Peter,
Dates associated with a name 1924-
Title of a work Alexander the Great.
856 42 - ELECTRONIC LOCATION AND ACCESS
Materials specified Contributor biographical information
Uniform Resource Identifier <a href="http://www.loc.gov/catdir/bios/ucal051/91007292.html">http://www.loc.gov/catdir/bios/ucal051/91007292.html</a>
856 42 - ELECTRONIC LOCATION AND ACCESS
Materials specified Publisher description
Uniform Resource Identifier <a href="http://www.loc.gov/catdir/description/ucal041/91007292.html">http://www.loc.gov/catdir/description/ucal041/91007292.html</a>
Holdings
Withdrawn status Lost status Damaged status Not for loan Home library Current library Shelving location Date acquired Total checkouts Full call number Barcode Date last seen Price effective from Koha item type
        Pleasant Valley Pleasant Valley General stacks 22/03/2026   938/.07/092 B 20 BC0010502 22/03/2026 22/03/2026 Books